02021nam a22002897a 450000500170000000800410001702000180005804000250007604100080010108200170010911000910012624501650021726000840038230000380046650501780050450502520068250501300093450501790106450500920124350501100133550500980144565000420154365000270158565100720161270000250168470000220170920160608122644.0140605b2014 ec ||||| |||| 00| 0 spa d a9789978993231 aCO-BoIAVHcCO-BoIAVH aspa a333.95bU33s1 aUnión Internacional para la Conservación de la Naturaleza y los Recursos Naturales10aSeis estudios de caso en América Latina y el CaribebAcceso a recursos genéticos y distribución de beneficios /ceditado por Montserrat Rios y Arturo Mora aQuitobUnión Internacional para la Conservación de la Naturaleza UICNc2013 a120 p.bil. (col), mapasc25 cm. aEstudio de caso en Colombia: investigación sobre un microorganismo del género Lactococcus sp., Instituto de Biotecnología, Universidad Nacional de Colombia (pág 15) aEstudio de caso en Costa Rica: Acceso a recursos genéticos, distribución justa de beneficios y análisis legal del convenio entre el Instituto Nacional de Biodiversidad de Costa Rica, Universidad Harvard y Universidad de Michigan (pág. 25) aEstudio de caso en Cuba: El veneno del "alacrán colorado" y otros productos derivados de la diversidad vegetal (pág. 65) aEstudio de caso en Ecuador: "Espedición de muestro oceánica global", Parque nacional Galápagos; actividades de colección y aplicación de legislación (pág. 77) aEstudio de caso en Panamá: "International cooperative biodiversity group" (pág. 89) aEstudio de caso en Perú: Registro de conocimientos colectivos asociados a la biodiversidad (pág. 105) aABS en América Latina y el Caribe:retos para los mecanismos de implementación (pág 117) aRecursos genéticosvestudio de caso aPolíticas Nacionales aAmérica Latina y el Caribevestudio de casoxrecursos genéticos1 aRios, Motserrateed.1 aMora, Arturoeed.